80-90s bands & city, UK and Ireland 3 - Statistics

General Stats
  • This quiz has been taken 25 times
  • The average score is 10 of 23
Answer Stats
Hint Answer % Correct
the Sex Pistols London
82%
Spice Girls London
77%
New Order Manchester
68%
Radiohead Abingdon (Oxfordshire)
59%
UB40 Birmingham
59%
Travis Glasgow
55%
Franz Ferdinand Glasgow
55%
Libertines London
50%
the Verve Manchester
50%
the Divine Comey Enniskillen (Fermanagh)
45%
the Police London
45%
Siouxie and the Banshees London
45%
Muse Teignmouth (Devon)
45%
Dead or Alive Liverpool
41%
Suede London
41%
the Human League Sheffield
36%
the Cure Crawley (West Sussex)
27%
the Mission Leeds
18%
K.W.S Nottingham
18%
the Coral Wirral (Merseyside)
18%
Chumbawamba Leeds
14%
The Chemical Brothers Manchester
14%
the Pipettes Brighton
0%
No matching quizzes found
Score Distribution
Percent of People with Each Score
Percentile by Number Answered
Your Score History
You have not taken this quiz